000
00296nam a22001337a 4500
008
170529b xxu||||| |||| 00| 0 eng d
020
_a
9780521559195
041
_a
eng
080
_a
94(7/8)
100
_a
16
101
_a
IM
245
_a
CHALLENGING THE STATE
_c
GRINDLE, M.S
942
_2
udc
_c
BK
999
_c
14940
_d
14940